000 00321nam a2200145Ia 4500
008 191201s2009 xx 000 0 und d
082 _a658.8
_bJAS
100 _aJAIN,NC
245 0 _aService Marketing
250 _a2nd
260 _aN. delhi
_bAITBS Pub.
_c2009
300 _a479
650 _aBBA
942 _2ddc
_cBK
_01
999 _c4905
_d4905